Loading...
| History - Other | 0 | 4 | 0 | 2 | 40 | 60 | 85.75 | 0 | 1 | 8.08 | 15.67 |
| History - World | 0 | 4 | 0 | 0 | 40 | 69 | 79.25 | 0 | 0 | 9.20 | 10.33 |
| Religion | 0 | 3 | 0 | 0 | 30 | 80 | 91.00 | 0 | 1 | 6.57 | 10.72 |
| Fine Arts - Painting and Sculpture | 0 | 3 | 0 | 0 | 30 | 57 | 58.00 | 0 | 1 | 12.69 | 16.54 |
| Geography | 0 | 2 | 0 | 1 | 20 | 95 | 107.00 | 0 | 0 | 2.27 | 11.87 |
| Literature - British | 0 | 2 | 0 | 0 | 20 | 61 | 62.50 | 0 | 1 | 8.50 | 12.53 |
| History - European | 0 | 2 | 0 | 0 | 20 | 33 | 51.50 | 0 | 1 | 8.88 | 10.30 |
| Current Events | 0 | 1 | 0 | 0 | 10 | 26 | 26.00 | 0 | 1 | 18.98 | 20.45 |
| Fine Arts - Classical Music | 0 | 1 | 0 | 0 | 10 | 102 | 102.00 | 0 | 0 | 1.49 | 2.73 |
| Literature - American | 0 | 1 | 0 | 0 | 10 | 63 | 63.00 | 0 | 1 | 3.98 | 7.58 |
| Literature - European | 0 | 1 | 0 | 0 | 10 | 79 | 79.00 | 0 | 0 | 2.90 | 4.13 |
| Mythology | 0 | 1 | 0 | 0 | 10 | 56 | 56.00 | 0 | 1 | 4.20 | 8.18 |
| Popular Culture | 0 | 1 | 0 | 0 | 10 | 13 | 13.00 | 1 | 1 | 14.70 | 16.67 |
| History - American | 0 | 0 | 0 | 0 | 0 | 0.00 | 0 | 0 | 0.00 | 0.00 | |
| Social Science | 0 | 0 | 1 | 0 | -5 | 0.00 | 0 | 0 | 0.00 | 0.00 |